000 00299nam a22001337a 4500
008 170228b xxu||||| |||| 00| 0 eng d
020 _a0070224366
041 _aeng
080 _23 ED
_a616.8 006
100 _a6
101 _aSHM
245 _aPRIMERY E PIDEMILOGY
_cFRIEDMAN.D.G
942 _2udc
_cBK
999 _c6405
_d6405